Movie Keychains Quiz Stats

 Plays Quiz Updated Jun 26, 2017

Support Sporcle.
Go Orange.
Score 0/20 Timer 05:00
0 Plays Today
% Correct
Batman
98%
Despicable Me
95.9%
Ted
93.9%
Ice Age
90.9%
Child's Play
89.3%
The Simpsons Movie
85.9%
The Hunger Games
77.8%
Cool Runnings
77%
Transformers
76.6%
The Terminator
66.7%
% Correct
Deadpool
66.7%
Predator
63.7%
Back to the Future
57.8%
The Rocky Horror Picture Show
55.7%
The Princess Bride
54.4%
The Lord of the Rings
44.3%
Frankenweenie
42.4%
Zoolander
40.6%
Hellboy
38%
Wayne's World
26.9%

You're not logged in!

Compare scores with friends on all Sporcle quizzes.
OR
Log In
Forgot?

From the Vault

Pick the Anagram

by strokes_static

We promise it's just a thumbnail, not a conspiracy theory. Or is it?
Remove Ads.
Support Sporcle.
Get the best of Sporcle when you Go Orange. This ad-free experience offers more features, more stats, and more fun while also helping to support Sporcle. Thank you for becoming a member.

Show Comments

Extras

Top Quizzes Today


Score Distribution

Your Account Isn't Verified!

In order to create a playlist on Sporcle, you need to verify the email address you used during registration. Go to your Sporcle Settings to finish the process.

Report this User

Report this user for behavior that violates our Community Guidelines.

Details: